[Event "DOM-ch"]
[Site "Santo Domingo"]
[Date "2021.05.16"]
[Round "8"]
[White "Reyes Perez, Eury Luis"]
[Black "Garcia Cruz, Hector Osiris"]
[Result "1-0"]
[WhiteElo "1920"]
[BlackElo "2004"]
[PlyCount "165"]
[EventDate "2021.05.07"]
[EventType "swiss"]
[EventRounds "11"]
[EventCountry "DOM"]
[SourceTitle "CBM 203 Extra"]
[Source "ChessBase"]
[SourceDate "2021.09.30"]
[SourceVersion "1"]
[SourceVersionDate "2021.09.30"]
[SourceQuality "1"]

1. g3 c5 2. Bg2 g6 3. d4 cxd4 4. Nf3 Bg7 5. Nxd4 Nc6 6. Nxc6 bxc6 7. 0-0 Rb8 8. Nd2 Ba6 9. Re1 Nf6 10. e4 0-0 11. c3 Qc7 12. Nb3 d6 13. Bf4 Nh5 14. Be3 c5 15. Qd2 Bc4 16. Qc2 Qd7 17. Bf3 Qb5 18. Bc1 Nf6 19. Be2 Nd7 20. Bxc4 Qxc4 21. Nd2 Qb5 22. Nf3 Rb7 23. b3 c4 24. b4 Qh5 25. Kg2 Rc8 26. Be3 Nf6 27. Bd4 e5 28. Be3 d5 29. exd5 Nxd5 30. Rad1 Rd7 31. Bg5 f6 32. Bc1 Rcd8 33. Qe4 Nf4+ 34. Bxf4 Rxd1 35. Rxd1 Rxd1 36. Qxc4+ Kf8 37. Be3 e4 38. Bc5+ Ke8 39. Qg8+ Kd7 40. Qxg7+ Kc8 41. Qg8+ Kc7 42. Qf7+ Rd7 43. Qxf6 exf3+ 44. Qxf3 Qxf3+ 45. Kxf3 Rd3+ 46. Ke2 Rxc3 47. Bxa7 Rc2+ 48. Kd3 Rxa2 49. Bc5 Kc6 50. Ke4 Re2+ 51. Kf4 h6 52. h4 Kd5 53. Kg4 Re5 54. Be3 h5+ 55. Kf3 Kc4 56. Bc5 Kd3 57. g4 Re4 58. gxh5 gxh5 59. Kg3 Rg4+ 60. Kh3 Kc4 61. Bd6 Kd5 62. Bc5 Ke6 63. b5 Kd7 64. b6 Kc6 65. Be3 Kd6 66. f3 Rb4 67. Kg3 Ke6 68. Bc5 Rb5 69. Bf2 Kf5 70. Be3 Ke5 71. Bf2 Kd5 72. Kf4 Kc4 73. Ke4 Kc3 74. f4 Rb4+ 75. Ke5 Kd3 76. f5 Re4+ 77. Kf6 Rf4 78. Bg3 Rb4 79. Bc7 Ke4 80. Ke6 Kf3 81. f6 Kg4 82. f7 Re4+ 83. Kd5 1-0

[Event "Santo Domingo Independencia op"]
[Site "Santo Domingo"]
[Date "2018.02.25"]
[Round "8"]
[White "Garcia Cruz, Hector Osiris"]
[Black "Polanco Nunez, Yoel Estarling"]
[Result "0-1"]
[WhiteElo "2007"]
[BlackElo "2186"]
[PlyCount "114"]
[EventDate "2018.02.16"]
[EventType "swiss"]
[EventRounds "8"]
[EventCountry "DOM"]
[SourceTitle "CBM 187 Extra"]
[Source "ChessBase"]
[SourceDate "2018.11.04"]
[SourceVersion "1"]
[SourceVersionDate "2018.11.04"]
[SourceQuality "1"]

1. c4 Nf6 2. g3 c6 3. Bg2 d5 4. Qc2 g6 5. Nf3 Bg7 6. 0-0 0-0 7. cxd5 cxd5 8. d4 Nc6 9. Bd2 Bg4 10. e3 Rc8 11. Qa4 Ne4 12. h3 Be6 13. Nc3 Nxc3 14. Bxc3 Qd7 15. Kh2 Rc7 16. Qb3 h6 17. Rad1 Qc8 18. Ne1 Rd8 19. Nd3 b6 20. Nf4 Na5 21. Bxa5 bxa5 22. Nd3 h5 23. Rc1 h4 24. Rxc7 Qxc7 25. Rc1 hxg3+ 26. fxg3 Qd6 27. Rc5 Rb8 28. Qc3 Bf5 29. Rxd5 Qb6 30. e4 Be6 31. Rc5 Bxa2 32. e5 Bb1 33. Be4 Bxd3 34. Bxd3 Qxb2+ 35. Qxb2 Rxb2+ 36. Rc2 Rb4 37. Rc4 Rb2+ 38. Rc2 Rb3 39. Rc8+ Kh7 40. Bc4 Rb2+ 41. Kg1 Rc2 42. Ba6 Rd2 43. Rc7 Bf8 44. Rd7 Kg8 45. d5 Bg7 46. e6 Bd4+ 47. Kf1 Bc5 48. Bc4 fxe6 49. dxe6 Rf2+ 50. Ke1 Rh2 51. Rc7 Bb4+ 52. Kf1 Rc2 53. Rc8+ Kg7 54. Ba6 Bc5 55. Bb5 Kf6 56. Bd7 Kg7 57. g4 g5 0-1

[Event "Santo Domingo op11"]
[Site "Santo Domingo"]
[Date "2017.11.26"]
[Round "8"]
[White "Garcia Cruz, Hector Osiris"]
[Black "Gonzalez Alejo, Wily Gilberto"]
[Result "1-0"]
[WhiteElo "2000"]
[BlackElo "1892"]
[PlyCount "85"]
[EventDate "2017.11.17"]
[EventType "swiss"]
[EventRounds "8"]
[EventCountry "DOM"]
[SourceTitle "CBM 181 Extra"]
[Source "ChessBase"]
[SourceDate "2017.12.12"]
[SourceVersion "1"]
[SourceVersionDate "2017.12.12"]
[SourceQuality "1"]

1. c4 Nf6 2. g3 Nc6 3. Bg2 b6 4. Nf3 Bb7 5. 0-0 e6 6. Nc3 Be7 7. b3 d5 8. Bb2 dxc4 9. bxc4 0-0 10. d4 Na5 11. Qd3 Ba6 12. Nd2 Bb7 13. e4 Rb8 14. e5 Bxg2 15. Kxg2 Nh5 16. f4 g6 17. Nde4 Qd7 18. g4 Ng7 19. Ba3 c5 20. d5 exd5 21. Nxd5 Qxg4+ 22. Kh1 Qe6 23. Bb2 Rfd8 24. Rad1 Nc6 25. Nxe7+ Qxe7 26. Nf6+ Kh8 27. Qh3 h5 28. Rd5 Nd4 29. Rd1 Ngf5 30. Bxd4 cxd4 31. Nxh5 Qh4 32. Qxh4 Nxh4 33. Ng3 Rxd5 34. cxd5 Rc8 35. d6 Rc5 36. Ne4 Rc8 37. d7 Rd8 38. Rxd4 Kg7 39. Ng5 Nf5 40. Rd3 Kf8 41. e6 Ne7 42. Nxf7 Nc6 43. Rd6 1-0

[Event "Santo Domingo op11"]
[Site "Santo Domingo"]
[Date "2017.11.24"]
[Round "5"]
[White "Garcia Cruz, Hector Osiris"]
[Black "Araujo Sanchez, Josue"]
[Result "1-0"]
[WhiteElo "2000"]
[BlackElo "2051"]
[PlyCount "73"]
[EventDate "2017.11.17"]
[EventType "swiss"]
[EventRounds "8"]
[EventCountry "DOM"]
[SourceTitle "CBM 181 Extra"]
[Source "ChessBase"]
[SourceDate "2017.12.12"]
[SourceVersion "1"]
[SourceVersionDate "2017.12.12"]
[SourceQuality "1"]

1. c4 c5 2. g3 Nc6 3. Bg2 g6 4. Nf3 Bg7 5. 0-0 e5 6. Nc3 Nge7 7. d3 d6 8. Bd2 h6 9. Qc1 Be6 10. Ne1 Qd7 11. Nd5 Nd4 12. Qd1 Bg4 13. f3 Be6 14. e3 Ndc6 15. e4 0-0 16. Bxh6 Bxd5 17. Bxg7 Kxg7 18. cxd5 Nd4 19. Nc2 Rac8 20. Nxd4 cxd4 21. f4 f6 22. f5 g5 23. h4 gxh4 24. Qg4+ Kf7 25. Qh5+ Kg7 26. gxh4 Rh8 27. Qg4+ Kf7 28. Rac1 Rcg8 29. Qh3 Rh5 30. Rf2 Rgh8 31. Rfc2 Rxh4 32. Qg3 R4h6 33. Rc7 Qd8 34. Rxb7 Rg6 35. Qf3 Qa5 36. Qd1 Qxa2 37. Ra1 1-0

[Event "Santo Domingo op11"]
[Site "Santo Domingo"]
[Date "2017.11.19"]
[Round "4"]
[White "Garcia Cruz, Hector Osiris"]
[Black "Sanchez, Ramon"]
[Result "1-0"]
[WhiteElo "2000"]
[BlackElo "1894"]
[PlyCount "101"]
[EventDate "2017.11.17"]
[EventType "swiss"]
[EventRounds "8"]
[EventCountry "DOM"]
[SourceTitle "CBM 181 Extra"]
[Source "ChessBase"]
[SourceDate "2017.12.12"]
[SourceVersion "1"]
[SourceVersionDate "2017.12.12"]
[SourceQuality "1"]

1. c4 e5 2. g3 Nf6 3. Bg2 d6 4. Nc3 Nc6 5. Nf3 Be6 6. d4 Nxd4 7. Nxd4 exd4 8. Qxd4 Qc8 9. Bg5 Be7 10. Ne4 Nxe4 11. Bxe4 f6 12. Bd2 0-0 13. h4 f5 14. Bd5 Bf6 15. Qd3 c6 16. Bxe6+ Qxe6 17. 0-0-0 d5 18. cxd5 cxd5 19. Bb4 Rfc8+ 20. Kb1 Qb6 21. Qxd5+ Kh8 22. Ba3 Qxf2 23. Qf3 Qxf3 24. exf3 Rd8 25. b3 Kg8 26. Bb2 Kf7 27. Rhe1 Rxd1+ 28. Rxd1 Rd8 29. Rxd8 Bxd8 30. Kc2 Bc7 31. g4 fxg4 32. fxg4 Bd8 33. h5 Bf6 34. Bc1 Ke6 35. Kd3 Kd5 36. Bd2 h6 37. Bb4 Ke5 38. Ke3 Bg5+ 39. Kf3 Kd4 40. Bf8 Bf6 41. Kf4 a5 42. Kf5 Kc3 43. Kg6 Kb2 44. Bxg7 Bxg7 45. Kxg7 Kxa2 46. Kxh6 Kxb3 47. g5 a4 48. g6 a3 49. g7 a2 50. g8Q+ Kb2 51. Qg2+ 1-0